Gerçek köye dönüş projesi: kenevir (Record no. 19215)

000 -LEADER
fixed length control field 00966nmm a2200289 a 4500
001 - CONTROL NUMBER
control field ocm0002015740
003 - CONTROL NUMBER IDENTIFIER
control field TR-IsHL
005 - DATE AND TIME OF LATEST TRANSACTION
control field 20201028180609.0
008 - FIXED-LENGTH DATA ELEMENTS--GENERAL INFORMATION
fixed length control field 181217s2018 tu tur
007 - PHYSICAL DESCRIPTION FIXED FIELD--GENERAL INFORMATION
fixed length control field cr cn
020 ## - INTERNATIONAL STANDARD BOOK NUMBER
International Standard Book Number 9786052810996
035 ## - SYSTEM CONTROL NUMBER
System control number 2015740
-- (N$T)
050 04 - LIBRARY OF CONGRESS CALL NUMBER
Classification number SB295.C35
Item number U43 2018
090 04 - LOCALLY ASSIGNED LC-TYPE CALL NUMBER (OCLC); LOCAL CALL NUMBER (RLIN)
Classification number (OCLC) (R) ; Classification number, CALL (RLIN) (NR) SB295.C35
Local cutter number (OCLC) ; Book number/undivided call number, CALL (RLIN) U43 2018
100 1# - MAIN ENTRY--PERSONAL NAME
Personal name Ulaş, Erdem
245 10 - TITLE STATEMENT
Title Gerçek köye dönüş projesi: kenevir
Medium [electronic resource] /
Statement of responsibility, etc. Erdem Ulaş ; editör Hatice Bahtiyar
250 ## - EDITION STATEMENT
Edition statement 1. Baskı
260 ## - PUBLICATION, DISTRIBUTION, ETC.
Place of publication, distribution, etc. İstanbul :
Name of publisher, distributor, etc. Hiperlink Yayınları,
Date of publication, distribution, etc. 2018
300 ## - PHYSICAL DESCRIPTION
Extent 212 p.
650 #4 - SUBJECT ADDED ENTRY--TOPICAL TERM
Topical term or geographic name entry element Tarım ve Biyoloji
650 #4 - SUBJECT ADDED ENTRY--TOPICAL TERM
Topical term or geographic name entry element Agricultural and Biological Sciences
650 #0 - SUBJECT ADDED ENTRY--TOPICAL TERM
Topical term or geographic name entry element Kenevir
650 #0 - SUBJECT ADDED ENTRY--TOPICAL TERM
Topical term or geographic name entry element Cannabis
650 #7 - SUBJECT ADDED ENTRY--TOPICAL TERM
Topical term or geographic name entry element BUSINESS & ECONOMICS / Industries / Pharmaceutical & Biotechnology
Source of heading or term bisacsh
700 1# - ADDED ENTRY--PERSONAL NAME
Personal name Bahtiyar, Hatice
856 40 - ELECTRONIC LOCATION AND ACCESS
Uniform Resource Identifier <a href="http://search.ebscohost.com/login.aspx?direct=true&scope=site&db=e011xww&AN=2015740">http://search.ebscohost.com/login.aspx?direct=true&scope=site&db=e011xww&AN=2015740</a>
Holdings
Withdrawn status Lost status Source of classification or shelving scheme Damaged status Not for loan Collection code Permanent Location Current Location Date acquired Total Checkouts Full call number Barcode Date last seen Price effective from Koha item type
        Online   Kıbrıs Amerikan Üniversitesi Kütüphanesi / American University of Cyprus Kıbrıs Amerikan Üniversitesi Kütüphanesi / American University of Cyprus 28.10.2020   SB295.C35 U43 2018 2015740 28.10.2020 28.10.2020 E-Kitap
Devinim Yazılım Eğitim Danışmanlık tarafından Koha'nın orjinal sürümü uyarlanarak geliştirilip kurulmuştur.